00749nam a22002057a 4500999001900000005001700019010001300036020000900049035001300058037000900071082000800080100002800088245006200116246008100178260007800259270004200337300002000379942002700399952011700426 c172133d17213320200129111905.0 aA-564414 c6.10 aA-564414 bBPPD a530 aوی-ایس-بھسین  aطبیعیات (حصہ اول) /cوی-ایس-بھسین  aTabaiyat (Physics): Secondary School ke Liye Nasabi Kitab /bby V. S. Bhasin aNew DelhibNational Council of Educational Research and Trainingc1985 ء aSri Aurobindo MargbNew Delhie110016 a162p.c23cm(Hb) 2ddccURh530mب ھ س 001040708NFICaLbLd2020-01-28eBPPD/Ven.g6.10l0o530 ب ھ سpA-564414r2020-01-28 00:00:00t1v6.10yUR